Why Pi? / (Record no. 8969)

MARC details
000 -LEADER
fixed length control field 01489cam a22003737i 4500
001 - CONTROL NUMBER
control field 8969
003 - CONTROL NUMBER IDENTIFIER
control field FISKH
005 - DATE AND TIME OF LATEST TRANSACTION
control field 20251111153021.0
008 - FIXED-LENGTH DATA ELEMENTS--GENERAL INFORMATION
fixed length control field 160408s2016 nyua j 001 0 eng d
010 ## - LIBRARY OF CONGRESS CONTROL NUMBER
LC control number 2016304739
020 ## - INTERNATIONAL STANDARD BOOK NUMBER
International Standard Book Number 9781465443878
Qualifying information (pbk.)
020 ## - INTERNATIONAL STANDARD BOOK NUMBER
International Standard Book Number 1465443878
Qualifying information (pbk.)
040 ## - CATALOGING SOURCE
Original cataloging agency YDXCP
Language of cataloging eng
Transcribing agency YDXCP
Modifying agency OCLCF
050 00 - LIBRARY OF CONGRESS CALL NUMBER
Classification number QA465
Item number .B168 2016
082 04 - DEWEY DECIMAL CLASSIFICATION NUMBER
Classification number 530.8
Edition number 23
100 1# - MAIN ENTRY--PERSONAL NAME
Personal name Ball, Johnny,
Relator term author.
245 10 - TITLE STATEMENT
Title Why Pi? /
Statement of responsibility, etc. Johnny Ball.
260 ## - PUBLICATION, DISTRIBUTION, ETC.
Place of publication, distribution, etc. New York :
Name of publisher, distributor, etc. Dk Publishing,
Date of publication, distribution, etc. 2016.
300 ## - PHYSICAL DESCRIPTION
Extent 93 pages :
Other physical details color illustrations ;
Dimensions 28 cm
500 ## - GENERAL NOTE
General note Includes index.
500 ## - GENERAL NOTE
General note "Big questions about math"--Cover.
520 ## - SUMMARY, ETC.
Summary, etc. Introduces the concepts of measurement and mathematics, discussing their use throughout history, along with examples of how they are used in everyday life in calculating temperature, light, electricity, time, music, and objects in space.--
Assigning source Source other than Library of Congress.
650 #0 - SUBJECT ADDED ENTRY--TOPICAL TERM
Topical term or geographic name entry element Measurement
Form subdivision Juvenile literature.
650 #0 - SUBJECT ADDED ENTRY--TOPICAL TERM
Topical term or geographic name entry element Mathematics
Form subdivision Juvenile literature.
650 #0 - SUBJECT ADDED ENTRY--TOPICAL TERM
Topical term or geographic name entry element Pi
Form subdivision Juvenile literature.
650 #7 - SUBJECT ADDED ENTRY--TOPICAL TERM
Topical term or geographic name entry element Mathematics.
Source of heading or term fast
Authority record control number or standard number (OCoLC)fst01012163
650 #7 - SUBJECT ADDED ENTRY--TOPICAL TERM
Topical term or geographic name entry element Measurement.
Source of heading or term fast
Authority record control number or standard number (OCoLC)fst01715944
650 #7 - SUBJECT ADDED ENTRY--TOPICAL TERM
Topical term or geographic name entry element Pi.
Source of heading or term fast
Authority record control number or standard number (OCoLC)fst01063334
655 #7 - INDEX TERM--GENRE/FORM
Genre/form data or focus term Juvenile works.
Source of term fast
Authority record control number or standard number (OCoLC)fst01411637
655 #7 - INDEX TERM--GENRE/FORM
Genre/form data or focus term Literature.
Source of term lcgft
Authority record control number or standard number https://id.loc.gov/authorities/genreForms/gf2014026415
906 ## - LOCAL DATA ELEMENT F, LDF (RLIN)
a 7
b cbc
c copycat
d 2
e ncip
f 20
g y-gencatlg
942 ## - ADDED ENTRY ELEMENTS (KOHA)
Source of classification or shelving scheme Dewey Decimal Classification
Koha item type Books
Suppress in OPAC No
Holdings
Withdrawn status Lost status Source of classification or shelving scheme Damaged status Not for loan Collection Home library Current library Shelving location Date acquired Total Checkouts Full call number Barcode Date last seen Copy number Price effective from Koha item type
    Dewey Decimal Classification     Non-Fiction Footprints International School Library Network Toul Tom Poung Campus Footprints International School Library Network Toul Tom Poung Campus TTP Secondary Non-Fiction Bookshelves 11/11/2025   BAL 530.8 QA465.B168 2025-4789 11/11/2025 1 11/11/2025 Books